Vývoj zahraničnoobchodnej spolupráce medzi Slovenskom a Čínou diplomová práca

Saved in:
Bibliographic Details
Main Author: Kováčiková, Veronika
Corporate Author: Obchodná fakulta EU. Katedra medzinárodného obchodu
Other Authors: Kašťáková, Elena, 1974-
Format: Book
Language:Slovak
Published: Bratislava 2016
Tags: Add Tag
No Tags, Be the first to tag this record!

MARC

LEADER 00000nbm a2200000 4500
001 0216556
005 20161123150420.5
041 0 |a slo 
044 |a SK 
245 1 0 |a Vývoj zahraničnoobchodnej spolupráce medzi Slovenskom a Čínou  |b diplomová práca  |c Veronika Kováčiková ; školiteľ: Elena Kašťáková 
264 1 |a Bratislava  |c 2016 
300 |a 92 s. 
100 1 |a Kováčiková, Veronika 
700 1 |a Kašťáková, Elena, 1974- 
710 2 |a Obchodná fakulta EU. Katedra medzinárodného obchodu